01162nam a2200193Ia 4500001001100000003001000011008004100021040002500062041001300087100001800100245006400118250001100182260008400193300002800277500026400305501011400569520026400683650002100947L261-47540IT-CnALBA170116s9999||||xx |||||||||||||| ||und|| aIT-CnALBAcIT-CnALBA aITALIANO aGIGANTE MARIO 0aPRESUPPOSTI FILOSOFICI DELL'ENCICLICA VERITA'TIS SPLENDOR.  a1a ed. a SALERNObARTIGIANA TIPOGRAFICA c1996 [1° Ed.:1996 - Ed.Ling.Originale: 1996] a285 p. (prefazione: 37) aPRESENTAZIONE DI PIERRO G. RADICI METAFISICHE DELL'ETICA. VERITÀ SU DIO E UOMO. BENE UMANO E BENE MORALE. COSCIENZA MORALE. LEGGE NATURALE ED ETERNA. ETICA FINALISTICA. LIBERTÀ ED ESIGENZA. SCALFARI E LA MORALE PERDUTA. TEOLOGIA E TELEOLOGISMO. PECCATI E  aSocietà San Paolo EM - Piazza San Paolo, 14 - 12051 ALBA (CN) (non commercial uses only) ® Copyright 2017 aPRESENTAZIONE DI PIERRO G. RADICI METAFISICHE DELL'ETICA. VERITÀ SU DIO E UOMO. BENE UMANO E BENE MORALE. COSCIENZA MORALE. LEGGE NATURALE ED ETERNA. ETICA FINALISTICA. LIBERTÀ ED ESIGENZA. SCALFARI E LA MORALE PERDUTA. TEOLOGIA E TELEOLOGISMO. PECCATI E  aTEOLOGIA SOCIALE